000 00381nam a2200145Ia 4500
008 230917s9999||||xx |||||||||||||| ||und||
040 _e126956
_aMAIN
041 _aEnglish
082 _a342.7 B469F
100 _aBhat, P Ishwara
245 0 _aFundamental rights: a study of their interrelationship
260 _aKolkatta
_bEastern law
_c2004
300 _a673p p.
942 _cBK
999 _c129109
_d129109